LEADER 01399nam a2200337 i 4500 001 000000134429 003 CaOOAMICUS 005 20050203000000.0 008 050203s2004 fr u000 u mul u 013 $a107597 020 $a2-204-07678-3 040 $aSeMil$bita 100 0 $aFulgentius,$c.$0(OLS)http://semarc/name/89130 245 10$aLettres ascétiques et morales /$cFulgence de Ruspe ; Texte critique de J. Fraipont (CCL 91) ; Introduction, traduction et notes par Daniel Bachelet. 260 $aParis :$bLes Éditions du Cerf,$c2004. 300 $a298 p. ;$c20 cm. 490 0 $aSources Chrétiennes ;$v487. 500 $aTesto latino a fronte. 700 1 $aFraipont, Jean.$0(OLS)http://semarc/name/589 700 1 $aBachelet, Daniel.$0(OLS)http://semarc/name/54982 830 0$aSources chrétiennes ;$v487.$0(OLS)http://semarc/title/72 850 $aSeMil 852 $aSeMil$W1$xVenegono$y1$mSL1.T IX 487$j88181$B88181$CSeMilBibl$Z2$F92706 $8I 900 0 $aFulgenzio : di Ruspe. 900 0 $aFulgentius : Aphrus. 961 $aSottoscrizione: SODIS 996 $6020$a2-204-07678-3$9(OLS)http://semarc/number/121651 996 $6245$aLettres ascétiques et morales$9(OLS)http://semarc/title/196710 996 $6260$aParis :$bLes Éditions du Cerf$9(OLS)http://semarc/publisher/29611 LEADER 01098nam a2200253 i 4500 001 000000224460 003 CaOOAMICUS 005 20260417121302.0 008 131031s1961 it u000 u mul u 013 $a203358 040 $aSeMil$bita 100 1 $aBaumgärtel, Friedrich.$0(OLS)http://semarc/name/13247 245 10$aHebräisches Wörterbuch zur Genesis /$cvon D. Friedrich Baumgärtel. 250 $aDritte, ergänzte auflage. 260 $aBerlin :$bTöpelmann,$c1961. 300 $aVIII, 44 p. ;$c25 cm. 490 0 $aEinzelwörterbücher zum Alten Testament ;$v1. Heft 650 4$aBibbia. Antico Testamento. Genesi - Testo ebraico - Dizionari.$0(OLS)http://semarc/subject/60000 830 0$aEinzelwörterbücher zum Alten Testament ;$v1.$0(OLS)http://semarc/title/39397 850 $aSeMil 852 $aSeMil$W1$xVenegono$y1$m2VV VII 66$j270400$B174806$CSeMilBibl$Z2$F184818 $81 996 $6245$aHebräisches Wörterbuch zur Genesis$9(OLS)http://semarc/title/321691 996 $6260$aBerlin :$bTöpelmann$9(OLS)http://semarc/publisher/30771